[Event "Titled Tuesday intern op 02nd Apr Early"]
[Site "Chess.com INT"]
[Date "2024.04.02"]
[Round "10"]
[White "Blokhin, Sofia"]
[Black "Avila Rodriguez, Joshua Ad"]
[Result "0-1"]
[WhiteElo "2009"]
[BlackElo "2251"]
[PlyCount "158"]
[EventDate "2024.04.02"]
[EventType "swiss (blitz)"]
[EventRounds "11"]
[EventCountry "USA"]
[SourceTitle "CB15_2024"]
[SourceDate "2024.04.10"]
[SourceVersion "1"]
[SourceVersionDate "2024.04.10"]
[SourceQuality "1"]

1. d4 Nf6 2. c4 e6 3. Nc3 Bb4 4. e3 0-0 5. Bd3 d5 6. Nf3 dxc4 7. Bxc4 c5 8. 0-0 cxd4 9. exd4 b6 10. Bg5 h6 11. Bh4 Bb7 12. Ne5 Nc6 13. Nf3 Rc8 14. Bd3 Be7 15. Re1 Nb4 16. Bb1 Nbd5 17. Qd3 g6 18. Qd2 Kg7 19. Ne5 Nxc3 20. bxc3 Nd5 21. Bxe7 Nxe7 22. Ng4 Ng8 23. Qd3 Qd5 24. f3 Qc4 25. Qd2 Qxc3 26. Qxc3 Rxc3 27. Be4 Ba6 28. Ne5 Nf6 29. Bc6 Rc8 30. Ba4 b5 31. Bb3 Bb7 32. Rad1 Bd5 33. Rb1 Bxb3 34. axb3 Rd8 35. Red1 Rc7 36. Ra1 Nd7 37. Nd3 Nf6 38. Nc5 Nd7 39. b4 Nxc5 40. dxc5 Rxd1+ 41. Rxd1 a5 42. bxa5 Rxc5 43. Ra1 Rc7 44. a6 Ra7 45. Rb1 Rxa6 46. Rxb5 Ra2 47. h3 h5 48. Kh2 Kf6 49. Kg3 Ra4 50. Kf2 Ra2+ 51. Kg3 Kg7 52. Rb7 Rd2 53. Kh2 h4 54. Rb4 g5 55. Rb5 Kg6 56. Rb4 Re2 57. f4 e5 58. fxe5 Rxe5 59. Rb6+ Re6 60. Rb4 f5 61. Rb5 g4 62. hxg4 fxg4 63. Rb4 Kf5 64. Rb5+ Re5 65. Rb4 Re1 66. Rb5+ Kf4 67. Rb4+ Re4 68. Rb5 Ke3 69. Rb3+ Kf2 70. Rb2+ Re2 71. Rb4 g3+ 72. Kh3 Re1 73. Rb2+ Kg1 74. Kxh4 Re3 75. Kg4 Rd3 76. Kf4 Rc3 77. Kg4 Ra3 78. Kh3 Kf1 79. Kg4 Rc3 0-1

[Event "Titled Tuesday intern op 09th Jan Early"]
[Site "Chess.com INT"]
[Date "2024.01.09"]
[Round "2"]
[White "Baches Garcia, Guillermo"]
[Black "Blokhin, Sofia"]
[Result "1-0"]
[WhiteElo "2327"]
[BlackElo "1964"]
[PlyCount "53"]
[EventDate "2024.01.09"]
[EventType "swiss (blitz)"]
[EventRounds "11"]
[EventCountry "USA"]
[SourceTitle "CB03_2024"]
[SourceDate "2024.01.17"]
[SourceVersion "1"]
[SourceVersionDate "2024.01.17"]
[SourceQuality "1"]

1. d4 f5 2. Nf3 Nf6 3. Bf4 g6 4. e3 Bg7 5. Bc4 d5 6. Be2 0-0 7. h4 h6 8. Ne5 Kh7 9. Nc3 Nbd7 10. Qd3 e6 11. f3 Nxe5 12. Bxe5 Nh5 13. g4 Bxe5 14. dxe5 Ng3 15. Rh3 Nxe2 16. Nxe2 c5 17. h5 g5 18. 0-0-0 Kh8 19. gxf5 Rxf5 20. f4 Bd7 21. Ng3 Rf7 22. f5 c4 23. Qd4 Qa5 24. Kb1 exf5 25. e6+ Rg7 26. Nxf5 Rag8 27. exd7 1-0

[Event "Titled Tuesday intern op 09th Jan Early"]
[Site "Chess.com INT"]
[Date "2024.01.09"]
[Round "4"]
[White "Nowak, Lukasz1"]
[Black "Blokhin, Sofia"]
[Result "0-1"]
[WhiteElo "2382"]
[BlackElo "1964"]
[PlyCount "42"]
[EventDate "2024.01.09"]
[EventType "swiss (blitz)"]
[EventRounds "11"]
[EventCountry "USA"]
[SourceTitle "CB03_2024"]
[SourceDate "2024.01.17"]
[SourceVersion "1"]
[SourceVersionDate "2024.01.17"]
[SourceQuality "1"]

1. c4 c5 2. g3 Nf6 3. Bg2 d5 4. cxd5 Nxd5 5. Nf3 Nc6 6. d4 e6 7. 0-0 Be7 8. e4 Nb6 9. dxc5 Qxd1 10. Rxd1 Bxc5 11. Nbd2 0-0 12. Nb3 Be7 13. Nfd4 Bd7 14. Be3 Nc4 15. Bc1 Rfd8 16. Bf1 Nb6 17. Be3 Bf6 18. f4 e5 19. Nxc6 Bxc6 20. Bg2 Nc4 21. Bf2 Nxb2 0-1

[Event "Titled Tuesday intern op 19th Dec Early"]
[Site "Chess.com INT"]
[Date "2023.12.19"]
[Round "4"]
[White "Blokhin, Sofia"]
[Black "Czerw, Dawid"]
[Result "0-1"]
[WhiteElo "2001"]
[BlackElo "2394"]
[PlyCount "58"]
[EventDate "2023.12.19"]
[EventType "swiss (blitz)"]
[EventRounds "11"]
[EventCountry "USA"]
[SourceTitle "CB52_2023"]
[SourceDate "2023.12.27"]
[SourceVersion "1"]
[SourceVersionDate "2023.12.27"]
[SourceQuality "1"]

1. d4 d5 2. c4 c6 3. Nc3 Nf6 4. e3 a6 5. cxd5 cxd5 6. Bd3 Nc6 7. Nf3 Bg4 8. h3 Bxf3 9. Qxf3 e6 10. 0-0 Bd6 11. Bd2 0-0 12. Ne2 Qe7 13. a3 Rfc8 14. Rac1 b5 15. Ng3 Nd7 16. Nh5 g6 17. Ng3 f5 18. Qe2 Nb6 19. Qd1 Nc4 20. Bxc4 bxc4 21. Ne2 Rab8 22. Bc3 Rb6 23. f3 Rcb8 24. e4 Na7 25. Re1 Nb5 26. exd5 exd5 27. Nf4 Qf7 28. Ne6 Bg3 29. Re2 Rxe6 0-1

[Event "Titled Tuesday intern op 19th Dec Early"]
[Site "Chess.com INT"]
[Date "2023.12.19"]
[Round "7"]
[White "Blokhin, Sofia"]
[Black "Parfenov, Viktor N"]
[Result "0-1"]
[WhiteElo "2001"]
[BlackElo "2193"]
[PlyCount "134"]
[EventDate "2023.12.19"]
[EventType "swiss (blitz)"]
[EventRounds "11"]
[EventCountry "USA"]
[SourceTitle "CB52_2023"]
[SourceDate "2023.12.27"]
[SourceVersion "1"]
[SourceVersionDate "2023.12.27"]
[SourceQuality "1"]

1. d4 d5 2. c4 e6 3. Nc3 Nf6 4. Nf3 Nbd7 5. cxd5 exd5 6. e3 c6 7. Bd3 Bd6 8. 0-0 0-0 9. Qc2 Re8 10. Re1 Nf8 11. b3 Bg4 12. Nd2 Bh5 13. e4 dxe4 14. Ndxe4 Nxe4 15. Nxe4 Bg6 16. Bg5 Qc7 17. g3 Ne6 18. Bd2 Nxd4 19. Qb2 Nf3+ 20. Kg2 Nxe1+ 21. Rxe1 Be5 22. Qc2 Rad8 23. f4 Bd4 24. f5 Bxf5 25. Bf4 Qd7 26. Nf6+ Bxf6 27. Bxf5 Qd5+ 28. Be4 Qh5 29. Bc7 Rc8 30. Bf4 g6 31. b4 Kg7 32. a4 a6 33. h3 Rcd8 34. Qc4 Rd4 35. Qc2 Rexe4 36. Rxe4 Qd5 37. Kf3 h5 38. Ke3 Rxe4+ 39. Qxe4 Qxe4+ 40. Kxe4 Kf8 41. Be3 Ke7 42. Bc5+ Ke6 43. g4 hxg4 44. hxg4 b5 45. axb5 axb5 46. Bf2 Be7 47. Be1 f5+ 48. gxf5+ gxf5+ 49. Kf4 Bd6+ 50. Kg5 Be5 51. Bd2 Bf6+ 52. Kf4 Bd8 53. Kf3 Kd5 54. Kf4 Kc4 55. Kxf5 Be7 56. Ke6 Bxb4 57. Bc1 c5 58. Kd6 Bc3 59. Kc6 b4 60. Be3 Bd4 61. Bc1 Kb3 62. Kd5 Bg1 63. Ke4 c4 64. Kd5 c3 65. Ke4 Kc2 66. Bf4 b3 67. Kf3 b2 0-1

[Event "Titled Tuesday intern op 19th Dec Early"]
[Site "Chess.com INT"]
[Date "2023.12.19"]
[Round "8"]
[White "Herman, Daniel"]
[Black "Blokhin, Sofia"]
[Result "0-1"]
[WhiteElo "1927"]
[BlackElo "2001"]
[PlyCount "62"]
[EventDate "2023.12.19"]
[EventType "swiss (blitz)"]
[EventRounds "11"]
[EventCountry "USA"]
[SourceTitle "CB52_2023"]
[SourceDate "2023.12.27"]
[SourceVersion "1"]
[SourceVersionDate "2023.12.27"]
[SourceQuality "1"]

1. Nf3 f5 2. d3 Nf6 3. e4 fxe4 4. Ng5 d6 5. Nc3 e5 6. dxe4 h6 7. Nf3 Be6 8. Nd2 Be7 9. Bc4 Bxc4 10. Nxc4 0-0 11. 0-0 c6 12. Ne3 Nbd7 13. Nf5 Nc5 14. Qe2 Ne6 15. Be3 d5 16. exd5 cxd5 17. Bxh6 gxh6 18. Qxe5 Qd7 19. Rae1 Kf7 20. Nxh6+ Kg7 21. Qxe6 Qxe6 22. Rxe6 Kxh6 23. Rxe7 Rae8 24. Rfe1 Rxe7 25. Rxe7 Ng4 26. f3 d4 27. Ne4 Ne3 28. c3 Rg8 29. g4 Rf8 30. cxd4 Rxf3 31. d5 Rf1# 0-1

[Event "Titled Tuesday intern op 19th Sep Early"]
[Site "Chess.com INT"]
[Date "2023.09.19"]
[Round "1"]
[White "Ozkan, Ervin"]
[Black "Blokhin, Sofia"]
[Result "1-0"]
[WhiteElo "2147"]
[BlackElo "1917"]
[PlyCount "117"]
[EventDate "2023.09.19"]
[EventType "swiss (blitz)"]
[EventRounds "11"]
[EventCountry "USA"]
[SourceTitle "EXT 2024"]
[Source "ChessBase"]
[SourceDate "2023.10.10"]
[SourceVersion "1"]
[SourceVersionDate "2023.10.10"]
[SourceQuality "1"]

1. d4 f5 2. Nc3 Nf6 3. Bg5 g6 4. Nf3 Bg7 5. e3 0-0 6. Be2 h6 7. Bh4 g5 8. Bg3 d6 9. Bc4+ e6 10. h3 Nc6 11. Qe2 a6 12. a4 Bd7 13. d5 exd5 14. Nxd5 Kh8 15. Nxf6 Qxf6 16. c3 f4 17. Bh2 fxe3 18. fxe3 Rae8 19. 0-0 Qe7 20. Rae1 Be6 21. Qd3 Bxc4 22. Qxc4 Ne5 23. Nxe5 Bxe5 24. Bxe5+ Qxe5 25. Rxf8+ Rxf8 26. Qxc7 Qg3 27. Re2 g4 28. Qe7 Kg8 29. Qe6+ Kg7 30. Qxg4+ Qxg4 31. hxg4 Re8 32. Kf2 Kg6 33. Kf3 Kg5 34. Rd2 Rf8+ 35. Kg3 Re8 36. Rd5+ Re5 37. Rxe5+ dxe5 38. e4 a5 39. b4 b6 40. bxa5 bxa5 41. c4 Kf6 42. Kf3 Ke6 43. g5 hxg5 44. Kg4 Kf6 45. c5 Ke6 46. Kxg5 Kd7 47. Kf5 Kc6 48. Kxe5 Kxc5 49. g4 Kb4 50. g5 Kxa4 51. g6 Kb3 52. g7 a4 53. g8Q+ Kb2 54. Kd4 a3 55. Qb8+ Ka1 56. Kc3 Ka2 57. Qb3+ Ka1 58. Qxa3+ Kb1 59. Qb2# 1-0

[Event "EU-ch U18 Girls 31st"]
[Site "Mamaia"]
[Date "2023.09.08"]
[Round "4"]
[White "Blokhin, Sofia"]
[Black "Ciftci, Zeynep"]
[Result "1/2-1/2"]
[WhiteElo "1917"]
[BlackElo "2111"]
[PlyCount "229"]
[EventDate "2023.09.05"]
[EventType "swiss"]
[EventRounds "9"]
[EventCountry "ROU"]
[SourceTitle "EXT 2024"]
[Source "ChessBase"]
[SourceDate "2023.10.10"]
[SourceVersion "1"]
[SourceVersionDate "2023.10.10"]
[SourceQuality "1"]

1. d4 Nf6 2. c4 e6 3. e3 Bb4+ 4. Bd2 Bxd2+ 5. Qxd2 0-0 6. Nc3 d6 7. Nf3 Re8 8. Be2 Nbd7 9. 0-0 e5 10. Qc2 Qe7 11. Rae1 e4 12. Nd2 Nf8 13. f3 exf3 14. Bxf3 c6 15. Nde4 Bf5 16. Nxf6+ Qxf6 17. Qd2 Qg5 18. Bd1 Bg6 19. Rf3 Nd7 20. Bc2 Nf6 21. Rg3 Qh6 22. Rh3 Qg5 23. Rg3 Qa5 24. Bxg6 hxg6 25. Ne4 Qxa2 26. Nxd6 Re6 27. c5 Qd5 28. Qd3 Ne4 29. Nxe4 Rxe4 30. Rf3 Rae8 31. Ref1 f5 32. Qc3 Qe6 33. Kf2 Re7 34. b3 b5 35. cxb6 axb6 36. Ra1 c5 37. Ra8+ Kf7 38. dxc5 Rc7 39. Qd3 Rd7 40. Qc3 Qc6 41. Ra1 Qxc5 42. Qxc5 bxc5 43. Rc1 Rd2+ 44. Kf1 Rb4 45. Rf2 Rd3 46. Rb2 Rxe3 47. Rxc5 Rexb3 48. Rxb3 Rxb3 49. Kf2 Rb6 50. Kf3 Kf6 51. h4 g5 52. hxg5+ Kxg5 53. Rc3 Rb4 54. Ra3 g6 55. Rc3 Rg4 56. g3 Kh5 57. Rc8 Ra4 58. Rc3 g5 59. Rb3 Ra1 60. Rb5 Ra3+ 61. Kg2 Ra2+ 62. Kf3 g4+ 63. Ke3 Ra3+ 64. Kf2 Kg5 65. Rb2 Ra1 66. Kg2 Ra8 67. Rc2 Ra4 68. Rb2 Kf6 69. Rc2 Ke5 70. Re2+ Re4 71. Rd2 Re3 72. Ra2 Rd3 73. Re2+ Kd4 74. Rb2 Ke5 75. Re2+ Kd4 76. Rf2 Ke4 77. Rf4+ Ke5 78. Rf2 Rd5 79. Re2+ Kd4 80. Rf2 Ke3 81. Rf4 Rd2+ 82. Kg1 Rd1+ 83. Kg2 Rd5 84. Kg1 Ke2 85. Rf2+ Kd1 86. Rf1+ Kd2 87. Rf2+ Kc1 88. Rf4 Rd1+ 89. Kg2 Rd2+ 90. Kg1 Rd5 91. Kg2 Re5 92. Kf2 Kd2 93. Rd4+ Kc3 94. Rf4 Kd3 95. Kg2 Ra5 96. Kg1 Ke2 97. Rf2+ Ke3 98. Rf4 Re5 99. Kg2 Kd3 100. Kg1 Re3 101. Kf2 Re2+ 102. Kg1 Ke3 103. Rxf5 Rd2 104. Rf4 Rd4 105. Rf7 Re4 106. Kg2 Rd4 107. Re7+ Kd2 108. Rf7 Re4 109. Rf5 Ke3 110. Rf7 Kd2 111. Rf4 Re2+ 112. Kg1 Re1+ 113. Kg2 Re2+ 114. Kg1 Re1+ 115. Kg2 1/2-1/2

[Event "EU-ch U18 Girls 31st"]
[Site "Mamaia"]
[Date "2023.09.07"]
[Round "3"]
[White "Obada, Ema"]
[Black "Blokhin, Sofia"]
[Result "1/2-1/2"]
[WhiteElo "2062"]
[BlackElo "1917"]
[PlyCount "119"]
[EventDate "2023.09.05"]
[EventType "swiss"]
[EventRounds "9"]
[EventCountry "ROU"]
[SourceTitle "EXT 2024"]
[Source "ChessBase"]
[SourceDate "2023.10.10"]
[SourceVersion "1"]
[SourceVersionDate "2023.10.10"]
[SourceQuality "1"]

1. e4 c5 2. Nf3 d6 3. d4 cxd4 4. Nxd4 a6 5. Nc3 Nf6 6. f3 e5 7. Nb3 Be6 8. Be3 Nbd7 9. g4 h6 10. h4 Be7 11. Qd2 Rc8 12. 0-0-0 b5 13. Nd5 Bxd5 14. exd5 Qc7 15. Kb1 Nb6 16. Bxb6 Qxb6 17. Bh3 Rc4 18. Bf1 Rc8 19. Be2 Bd8 20. Rhf1 Nd7 21. g5 a5 22. a3 a4 23. Nc1 hxg5 24. hxg5 Rh4 25. c3 Rf4 26. g6 fxg6 27. Nd3 Rh4 28. f4 e4 29. Nb4 Bf6 30. Rg1 Kf7 31. Bg4 Rc7 32. Be6+ Ke8 33. Qg2 Nf8 34. Qxe4 Rc4 35. Qe1 Rhxf4 36. Bf5+ Kf7 37. Bd3 Rxb4 38. axb4 g5 39. Rf1 Rh4 40. Qf2 Qc7 41. Bxb5 a3 42. Bc6 axb2 43. Rd3 Kg8 44. Rf3 Qe7 45. Qxb2 Qe4+ 46. Qc2 Qe5 47. Qf5 Rxb4+ 48. Kc1 Qxf5 49. Rxf5 Rc4 50. Kd2 Rf4 51. Kd3 Rh4 52. R5f3 Ng6 53. Kd2 Nf4 54. R1f2 Rh1 55. Rf1 Rh2+ 56. R3f2 Rh3 57. Rf3 Rh2+ 58. R1f2 Rh1 59. Rf1 Rh2+ 60. R1f2 1/2-1/2

[Event "Titled Tuesday intern op 22nd Aug Early"]
[Site "Chess.com INT"]
[Date "2023.08.22"]
[Round "2"]
[White "Janaszak, Dawid"]
[Black "Blokhin, Sofia"]
[Result "0-1"]
[WhiteElo "2302"]
[BlackElo "1982"]
[PlyCount "114"]
[EventDate "2023.08.22"]
[EventType "swiss (blitz)"]
[EventRounds "11"]
[EventCountry "USA"]
[SourceTitle "EXT 2024"]
[Source "ChessBase"]
[SourceDate "2023.10.10"]
[SourceVersion "1"]
[SourceVersionDate "2023.10.10"]
[SourceQuality "1"]

1. e4 c5 2. Nc3 e6 3. Nge2 a6 4. g3 Nc6 5. Bg2 g6 6. d4 cxd4 7. Nxd4 Bg7 8. Be3 Nge7 9. Nxc6 Nxc6 10. Qd6 Be5 11. Qd2 0-0 12. 0-0 Bg7 13. Rad1 Qc7 14. Bc5 Re8 15. Bd6 Qd8 16. Rfe1 b5 17. e5 Bb7 18. f4 Qb6+ 19. Kh1 Ne7 20. Ne4 Nd5 21. Qd4 Qa5 22. a3 Qd8 23. h4 Bc6 24. Kh2 f5 25. Ng5 h6 26. Nf3 Bf8 27. Bxf8 Rxf8 28. Qf2 Qe7 29. Nd4 Bb7 30. c3 Rac8 31. Rd2 g5 32. hxg5 hxg5 33. Red1 Rf7 34. Kg1 gxf4 35. gxf4 Rg7 36. Qf3 Qh4 37. Kf1 Ba8 38. Nxf5 exf5 39. Rxd5 Bxd5 40. Rxd5 Rc4 41. Rd4 Rxd4 42. cxd4 Rg4 43. Qd5+ Kf8 44. Qd6+ Ke8 45. Qb8+ Kf7 46. Bd5+ Kg7 47. Qg8+ Kh6 48. Qh8+ Kg6 49. Qe8+ Kh6 50. Qf8+ Kg6 51. Bf7+ Kh7 52. Bg6+ Rxg6 53. Qxf5 Qg4 54. Qf7+ Rg7 55. Qf6 Qg1+ 56. Ke2 Qg2+ 57. Kd3 Rg3# 0-1

[Event "Titled Tuesday intern op 15th Aug Early"]
[Site "Chess.com INT"]
[Date "2023.08.15"]
[Round "9"]
[White "Baghdasaryan, Vahe"]
[Black "Blokhin, Sofia"]
[Result "0-1"]
[WhiteElo "2257"]
[BlackElo "1982"]
[PlyCount "64"]
[EventDate "2023.08.15"]
[EventType "swiss (blitz)"]
[EventRounds "11"]
[EventCountry "USA"]
[SourceTitle "EXT 2024"]
[Source "ChessBase"]
[SourceDate "2023.10.10"]
[SourceVersion "1"]
[SourceVersionDate "2023.10.10"]
[SourceQuality "1"]

1. e4 c5 2. c3 e6 3. d4 d5 4. exd5 exd5 5. Nf3 Nf6 6. Bb5+ Nc6 7. 0-0 Be7 8. dxc5 Bxc5 9. Re1+ Be6 10. Ng5 0-0 11. h3 Qb6 12. Qe2 Bxf2+ 13. Qxf2 Qxb5 14. Na3 Qd3 15. Bf4 h6 16. Rad1 Qf5 17. Nxe6 fxe6 18. Bd6 Qxf2+ 19. Kxf2 Ne4+ 20. Kg1 Nxd6 21. Rxe6 Rad8 22. Rxd5 Rf6 23. Rxf6 gxf6 24. c4 b6 25. Rh5 Kg7 26. Kh2 Ne5 27. Rh4 Rc8 28. Re4 Nxe4 29. b3 Rd8 30. Nb5 Rd2 31. a4 Nf3+ 32. Kh1 Rd1# 0-1

[Event "Titled Tuesday intern op 15th Aug Early"]
[Site "Chess.com INT"]
[Date "2023.08.15"]
[Round "10"]
[White "Blokhin, Sofia"]
[Black "Harriott, Tyrell"]
[Result "0-1"]
[WhiteElo "1982"]
[BlackElo "1778"]
[PlyCount "70"]
[EventDate "2023.08.15"]
[EventType "swiss (blitz)"]
[EventRounds "11"]
[EventCountry "USA"]
[SourceTitle "EXT 2024"]
[Source "ChessBase"]
[SourceDate "2023.10.10"]
[SourceVersion "1"]
[SourceVersionDate "2023.10.10"]
[SourceQuality "1"]

1. d4 e6 2. c4 d5 3. Nc3 f5 4. g3 c6 5. Bg2 Bd6 6. cxd5 exd5 7. Nh3 Nf6 8. Nf4 0-0 9. 0-0 Qe8 10. f3 Nbd7 11. Nd3 Bc7 12. Re1 Bb6 13. e3 Nh5 14. Kh1 Qg6 15. Ne2 Ndf6 16. Nef4 Qh6 17. Kg1 Bd7 18. Ne5 Rae8 19. Nfd3 Bc8 20. e4 Bxd4+ 21. Kf1 Nxg3+ 22. hxg3 Qh2 23. Be3 Bxe3 24. Rxe3 fxe4 25. Re2 exd3 26. Nxd3 Ne4 27. Rxe4 dxe4 28. Nf4 g5 29. Qb3+ Rf7 30. Ne2 exf3 31. Bxf3 Be6 32. Qe3 Rxf3+ 33. Qxf3 Rf8 34. Nf4 gxf4 35. Ke1 fxg3 0-1

[Event "Riga Tech Rapid op"]
[Site "Riga"]
[Date "2023.08.06"]
[Round "9"]
[White "Blokhin, Sofia"]
[Black "Tolmacevs, Artjoms"]
[Result "0-1"]
[WhiteElo "1982"]
[BlackElo "1983"]
[PlyCount "102"]
[EventDate "2023.08.06"]
[EventType "swiss (rapid)"]
[EventRounds "9"]
[EventCountry "LAT"]
[SourceTitle "CBM 215 Extra"]
[Source "ChessBase"]
[SourceDate "2023.09.30"]
[SourceVersion "1"]
[SourceVersionDate "2023.09.30"]
[SourceQuality "1"]

1. d4 Nf6 2. c4 c5 3. d5 b5 4. cxb5 a6 5. bxa6 g6 6. Nc3 Bg7 7. e4 0-0 8. Be2 Qa5 9. Bd2 Bxa6 10. Nf3 Bxe2 11. Qxe2 Qa6 12. Qxa6 Nxa6 13. Ke2 Rfb8 14. Rab1 d6 15. Ne1 Nd7 16. f4 c4 17. Nc2 Ndc5 18. Ne3 Bxc3 19. Bxc3 Nxe4 20. Nxc4 Nc7 21. Ne3 Rxa2 22. Kf3 f5 23. Ra1 Rbxb2 24. Bxb2 Rxb2 25. Nd1 Rb3+ 26. Ke2 Nxd5 27. g3 Kf7 28. Rf1 Rb4 29. Rf3 Rc4 30. Kd3 Rc5 31. Ne3 Rc3+ 32. Ke2 Nxe3 33. Rxe3 Rc2+ 34. Kf1 Rxh2 35. Kg1 Rd2 36. Rae1 h5 37. Rc1 d5 38. Ra3 d4 39. Rc7 Nf6 40. Raa7 Re2 41. Ra4 d3 42. Kf1 Ne4 43. Rd7 Nxg3+ 44. Kg1 d2 45. Rad4 Ne4 46. Kf1 Rf2+ 47. Kg1 Rxf4 48. Ra4 Nd6 49. Ra1 Rc4 50. Rda7 Rc1+ 51. Kf2 d1Q 0-1

[Event "Riga Tech Rapid op"]
[Site "Riga"]
[Date "2023.08.06"]
[Round "8"]
[White "Tokranovs, Dmitrijs"]
[Black "Blokhin, Sofia"]
[Result "1-0"]
[WhiteElo "2214"]
[BlackElo "1982"]
[PlyCount "105"]
[EventDate "2023.08.06"]
[EventType "swiss (rapid)"]
[EventRounds "9"]
[EventCountry "LAT"]
[SourceTitle "CBM 215 Extra"]
[Source "ChessBase"]
[SourceDate "2023.09.30"]
[SourceVersion "1"]
[SourceVersionDate "2023.09.30"]
[SourceQuality "1"]

1. e4 c5 2. c3 e6 3. d4 d5 4. exd5 exd5 5. Nf3 Nf6 6. Bf4 Nc6 7. Bb5 a6 8. Bxc6+ bxc6 9. 0-0 Be7 10. dxc5 Bxc5 11. Re1+ Ne4 12. Be3 Bxe3 13. Rxe3 0-0 14. Nd4 Bb7 15. f3 Nd6 16. Nd2 Qg5 17. Re2 Rfe8 18. N2b3 Rxe2 19. Qxe2 Re8 20. Qf2 Qe7 21. Nc2 Qe2 22. Re1 Qxf2+ 23. Kxf2 Rxe1 24. Kxe1 Nc4 25. Nc5 Bc8 26. b3 Ne5 27. Nb4 a5 28. Nbd3 Nxd3+ 29. Nxd3 Kf8 30. Kd2 Ke7 31. Ke3 Kd6 32. Kd4 f6 33. a4 Ba6 34. Nc5 Bc8 35. g3 Kc7 36. b4 Kb6 37. h4 Bf5 38. g4 Bc2 39. f4 Bd1 40. g5 fxg5 41. fxg5 Bg4 42. Ke5 h6 43. Nb3 Bd1 44. Nc5 Bg4 45. Kf4 h5 46. Ke5 Bh3 47. Nb3 axb4 48. cxb4 Bg4 49. Nd4 Bd1 50. a5+ Kb7 51. Kd6 Ba4 52. Ne6 g6 53. Nc5+ 1-0